• Canfora, Luciano,

di Personal Name

Records bibliografici associati: 1

001 - CONTROL NUMBER

  • control field: 48374

003 - CONTROL NUMBER IDENTIFIER

  • control field: IT-RoINE

005 - DATE AND TIME OF LATEST TRANSACTION

  • control field: 20180504084417.0

008 - FIXED-LENGTH DATA ELEMENTS

  • fixed length control field: 180504|| aca||aabn | a|a d

040 ## - CATALOGING SOURCE

  • Original cataloging agency: IT-RoINE
  • Transcribing agency: IT-RoINE

100 ## - HEADING--PERSONAL NAME

  • Personal name: Canfora, Luciano,
  • Dates associated with a name: 1942-

670 ## - SOURCE DATA FOUND

  • Source citation: Work cat.: (IT-RoINE)0: Luciano de Samosata, ca. 120-ca. 180 48373, Come si deve scrivere la storia /, 2001.